Sustainable directions in tourism / (Record no. 31865)

000 -LEADER
fixed length control field 00537nam a22001697a 4500
008 - FIXED-LENGTH DATA ELEMENTS--GENERAL INFORMATION
fixed length control field 231012b |||||||| |||| 00| 0 eng d
020 ## - INTERNATIONAL STANDARD BOOK NUMBER
International Standard Book Number 9783039217724
050 ## - LIBRARY OF CONGRESS CALL NUMBER
Classification number G 156.5S87 .E87 2019
100 ## - MAIN ENTRY--PERSONAL NAME
Personal name Espino-Rodríguez, T
245 ## - TITLE STATEMENT
Title Sustainable directions in tourism /
Statement of responsibility, etc. Rodríguez Espino , T
250 ## - EDITION STATEMENT
Edition statement 1st ed.
260 ## - PUBLICATION, DISTRIBUTION, ETC. (IMPRINT)
Place of publication, distribution, etc. Spain:
Name of publisher, distributor, etc. MDPI,
Date of publication, distribution, etc. 2019.
300 ## - PHYSICAL DESCRIPTION
Extent 292p. :
Other physical details ill. ;
Dimensions 23cm
521 ## - TARGET AUDIENCE NOTE
Target audience note includes bibliographical references
650 ## - SUBJECT ADDED ENTRY--TOPICAL TERM
Topical term or geographic name as entry element Tourism
942 ## - ADDED ENTRY ELEMENTS (KOHA)
Source of classification or shelving scheme
Koha item type Hard Covered Materials
Classification part G 156.5S87 .E87 2019
Holdings
Withdrawn status Lost status Source of classification or shelving scheme Damaged status Not for loan Home library Current library Shelving location Date acquired Source of acquisition Total Checkouts Full call number Barcode Date last seen Price effective from Koha item type
          MACHAKOS UNIVERSITY LIBRARY MACHAKOS UNIVERSITY LIBRARY Open shelf 12/10/2023 falcon   G 156.5S87 .E87 2019 39740 12/10/2023 12/10/2023 Hard Covered Materials
© Machakos University Library, Along The Highway, Machakos Wote Rd, Machakos, Kenya P.O. Box 136 - 90100 Machakos - Kenya

Tel: ( +254 ) 723 805829 OR Fax : 044-20353 OR Email: library@mksu.ac.ke